A practical English grammar / (Record no. 51417)
[ view plain ]
| 000 -LEADER | |
|---|---|
| fixed length control field | 00581nam a2200205 a 4500 |
| 001 - CONTROL NUMBER | |
| control field | 51417 |
| 003 - CONTROL NUMBER IDENTIFIER | |
| rucl marc code | BD-RjUL |
| 005 - DATE AND TIME OF LATEST TRANSACTION | |
| control field | 20211209075645.0 |
| 008 - FIXED-LENGTH DATA ELEMENTS--GENERAL INFORMATION | |
| fixed length control field | 160829s1968 nk 000 0 eng |
| 035 ## - SYSTEM CONTROL NUMBER | |
| System control number | (BD-RjUL)51537 |
| 040 ## - CATALOGING SOURCE | |
| Original cataloging agency | DLC |
| Transcribing agency | PMilS |
| Modifying agency | PPiU |
| -- | DLC |
| -- | BD-RjUL |
| Language of cataloging | eng |
| 041 ## - LANGUAGE CODE | |
| Language code of text/sound track or separate title | eng |
| 082 ## - DEWEY DECIMAL CLASSIFICATION NUMBER | |
| Edition number | 23 |
| Classification number | 428.24 |
| Author mark and year | MAP 1968 |
| 100 1# - MAIN ENTRY--PERSONAL NAME | |
| Personal name | Frank, Marcella |
| 9 (RLIN) | 153016 |
| 245 12 - TITLE STATEMENT | |
| Title | A practical English grammar / |
| Statement of responsibility, etc. | Marcella Frank |
| 260 ## - PUBLICATION, DISTRIBUTION, ETC. (IMPRINT) | |
| Place of publication, distribution, etc. | London : |
| Name of publisher, distributor, etc. | Collier-Macmillan Limited, |
| Date of publication, distribution, etc. | 1968 |
| 300 ## - PHYSICAL DESCRIPTION | |
| Pagination | xi, 243 p. ; |
| Size | 19 cm. |
| 650 #0 - SUBJECT ADDED ENTRY--TOPICAL TERM | |
| Topical term or geographic name as entry element | English Grammar. |
| 9 (RLIN) | 152997 |
| 942 ## - ADDED ENTRY ELEMENTS (KOHA) | |
| Source of classification or shelving scheme | Dewey Decimal Classification |
| Koha item type | Books |
| Lost status | Source of classification or shelving scheme | Damaged status | Not for loan | Collection code | Permanent Location | Current Location | Shelving location | Date acquired | Source of acquisition | Total Checkouts | Full call number | Date last seen | Date checked out | Copy number | Koha item type |
|---|---|---|---|---|---|---|---|---|---|---|---|---|---|---|---|
| Dewey Decimal Classification | Non-fiction | Central Library, University of Rajshahi | Central Library, University of Rajshahi | 18/10/1984 | U.S.I.S. Dhaka | 1 | 428.24 MAP 1968 | 31/08/2025 | 12/08/2025 | C-2 | Books |